00526nam a2200169 a 450000500170000000800410001702000180005805000220007610000240009824501020012225000120022426000370023630000220027352100100029565000300030570000210033520140310183458.0100115s19uu xx 00 eng d a9780495604303 aBF 67b.P963 2010 aProchaska, James O. aSystems of psychotheraphy :ba transtheoritical analysis /cJames O. Prochaska, John C. Norcross. a7th ed. aAustralia :bBrooks/Cole,c2010. a601 p. :c24 cm.  aPSYCH aPsychotheraphyxAnalysis. aNocross, John C.